| 000 | 01022nam a22002537a 4500 | ||
|---|---|---|---|
| 005 | 20110506151113.0 | ||
| 008 | 110506t xxu||||| |||| 00| 0 eng d | ||
| 010 | _aENG-102389 | ||
| 020 |
_a9788178312033 _c1000.00 |
||
| 035 | _aEN-85922 | ||
| 037 | _bDBAD/PUB | ||
| 040 |
_adpl _bEng |
||
| 082 | _a342.5408772 | ||
| 100 |
_aChakraborty, Sudip _927787 |
||
| 245 |
_aHuman rights for children in india : _cby Sudip Chakraborty _bevaluating policies and public action / |
||
| 260 |
_aNew Delhi _bManak Publications _c2010 |
||
| 270 |
_aB-7, Saraswati Complex, Subhash Chowk, Laxmi Nagar _bNew Delhi _e110092 _k22453894,22042529 _mmanak_publications@hotmail.com |
||
| 300 |
_axxiii,360p. _c23cm (Hb) |
||
| 500 | _aIncludes bibliographical references and index | ||
| 650 | _927775 | ||
| 700 | _927776 | ||
| 942 |
_2ddc _cEN _h342.5408772 _mCHA |
||
| 999 |
_c52163 _d52163 |
||